| 000 | 00488nam a2200145Ia 4500 | ||
|---|---|---|---|
| 008 | 230917s9999||||xx |||||||||||||| ||und|| | ||
| 040 |
_e177817 _aMAIN |
||
| 041 | _aEnglish | ||
| 082 | _a891.43172109 VA215:AO | ||
| 100 | _aवाजपेयी, अटल बिहारी | ||
| 245 | 0 | _aकाव्य-पुरूष: अटल बिहारी वाजपेयी | |
| 260 |
_aकानपुर _bसाहित्य निलय _c2002 |
||
| 300 | _a264 p. | ||
| 942 | _cHN | ||
| 999 |
_c114927 _d114927 |
||